000 00468cam a2200181ua 4500
020 _c9.60
041 _aeng
_h
082 _a547
_bFIN/OR
100 _aFinar, I. L .
245 _aOrganic chemistry : The fundamental principles, Vol I /
_cI.L.Finar.
_hTextual Documents
250 _a3 /
_b.
260 _aLondon :
_bThe English Language book society ,
_c1962.
300 _a822 ; .
365 _a9.60
504 _a
942 _cBK
999 _c1669
_d1669